00330pab a2200121 454500008004000000100001800040245006500058260000900123300000900132362000900141650001500150773004300165180718b1988 xxu||||| |||| 00| 0 eng d aRamakanth, J. aOn the situational leadership theory of Hersey and Blanchard c1988 a1-16 aJul. aLeadership aIndian Journal of Industrial Relations